| 000 | 00459nam a22001937a 4500 | ||
|---|---|---|---|
| 003 | MPLRDC | ||
| 005 | 20220104123333.0 | ||
| 008 | 210129b ||||| |||| 00| 0 eng d | ||
| 020 | _a962-365-402-2 | ||
| 082 | _a413.85 YYQ | ||
| 100 | _a颜宛琼 | ||
| 245 |
_a与脑中风绝缘 _c |
||
| 250 | _a第二版 | ||
| 260 |
_a _b海滨图书公司 _c1996 |
||
| 300 | _b平 | ||
| 490 | _a保健育儿系列 | ||
| 650 | _a脑中风 | ||
| 942 |
_cBK _o413.85 YYQ |
||
| 999 |
_c10567 _d10557 |
||